00979nam a2200289 a 4500001001000000003000500010005001700015008004100032010001100073011001100084020003000095020003000125020003100155040000900186082002000195100001600215245007400231250001100305260004000316300000700356490006400363500010200427534006700529650001300596650001600609830006400625000114653CHAP20220329144451.0180314s1985 mx |r| ||||||spa d a111114 a112086 a968-23-0085-1 (Volumen 4) a968-23-0210-2 (Volumen 5) a9682300843 (Obra completa) cCHAP04a335.42bM3 198500aMarx, Karl.13aEl capital :bcrítica de la economía política /cpor Karl Marx. a10 ed. aMéxico, D.F. :bSiglo XXI,c1985. av. aBiblioteca del pensamiento socialista. Serie Los clásicos aLa biblioteca de San Luis Acatlan tiene : t. 2 El proceso de circulación del capital, v.4 y v.5 pTít. original :tdas kapital/kritik der politischen okpnomie14aCapital.14aEconomía.0 aBiblioteca del pensamiento socialista. Serie Los clásicos